| 000 | 00454nam a2200121Ia 4500 | ||
|---|---|---|---|
| 008 | 160609s9999 xx 000 0 und d | ||
| 100 | _aCavanagh, Mary. | ||
| 245 | _aAlgebra Readiness Made Easy: Grade 5: An Essential Part Of Every Math Curriculum (best Practices In Action) | ||
| 245 | _cBy:Mary Cavanagh | ||
| 260 | _c2015 | ||
| 650 | _xMATHEMATICS EDUCATION | ||
| 856 | _uhttp://file.ebook777.com/001/AlgReaMadEasGra5AnEssParOfEveMatCur(bePraInAct.pdf | ||
| 999 |
_c295831 _d295831 |
||